Dagmar Rosůlková /

Uloženo v:
Podrobná bibliografie
Hlavní autor: Tilkovský, Vojtech 1902-1978
Médium: Kniha
Jazyk:slovenština
Vydáno: Bratislava : Vydavateľstvo Slovenského fondu výtvarných umení, 1965
Vydání:[1. vyd.]
Edice:Súčasné profily zväzok 14
On-line přístup: Získat plný text
Tagy: Přidat tag
Žádné tagy, Buďte první, kdo vytvoří štítek k tomuto záznamu!

MARC

LEADER 00000cam a2200000 4500
003 SK-BrCVT
005 20220621162636.0
008 070302s1965 cs e ||||||slo d
035 |a CVTIDW1401273 
040 |b slo  |a CVTI SR  |e AACR2 
041 0 |a slo 
044 |a cs 
080 |a 7:929  |2 UDC-MRF 
100 1 |a Tilkovský, Vojtech  |d 1902-1978, 
245 1 0 |a Dagmar Rosůlková /  |c Autor: Vojtech Tilkovský 
250 |a [1. vyd.] 
260 |a Bratislava :  |b Vydavateľstvo Slovenského fondu výtvarných umení,  |c 1965 
300 |a 32 s., príl. :  |b fotogr., obr. ; 
490 1 |a Súčasné profily  |v zväzok 14  |3 1401257 
760 1 |t Súčasné profily 
910 |b A193096 
974 |f Knihy 
992 |a AAU 
999 |c 151655  |d 151655